| 000 | 00724nam a2200181Ia 4500 | ||
|---|---|---|---|
| 008 | 151018s9999 xx 000 0 und d | ||
| 082 |
_bRBASDV9850 _a891.464 |
||
| 100 | _aन र फाटक | ||
| 245 | _aश्री समर्थ चरित्र वाङमय व संप्रदाय | ||
| 250 | _b1 | ||
| 260 |
_bप्रसाद प्रकाशन मुंबई _c1972 |
||
| 300 | _a252 | ||
| 600 | _aन र फाटक | ||
| 630 | _aश्री समर्थ चरित्र वाङमय व संप्रदाय | ||
| 700 | _aन र फाटक | ||
| 730 | _aश्री समर्थ चरित्र वाङमय व संप्रदाय | ||
| 942 | _cBOOK | ||
| 999 |
_c1012212 _d1012209 |
||